000 00697cam a2200229 a 4500
001 000014466
005 20200929163844.0
008 751007s1972 xx 000 0 spa
010 _a72355031
035 _a(OCoLC)1682791
040 _aDO-SdBNP
_cPPT
_dDLC
042 _apremarc
082 _a306.342
_bR934d
100 2 _aRuiz Garcia, Enrique.
_932667
245 1 3 _aLa descolonizacion de la cultura.
260 _aBarcelona, :
_bPlaneta,
_c[1972].
300 _a213 p. ;
_c21 cm.
490 0 _aBiblioteca universal Planeta, 11. Panorama,
_v3
650 0 _aSocial history
_y20th century.
_932668
650 0 _aEconomic history
_y20th century.
_932669
910 _aCatalogación por copia / LC
999 _c14055
_d14055